logo

Bir Sreshtho Munshi Abdur Rouf Library
Jhenaidah Cadet College

লিনাক্স সিস্টেম অ্যাডমিনিস্ট্রেশন / (Record no. 12140)

MARC details
000 -LEADER
fixed length control field 00865nam a2200229 a 4500
001 - CONTROL NUMBER
JCCL Control Number 12140
003 - CONTROL NUMBER IDENTIFIER
JCCL marc code BD-JhCC
005 - DATE AND TIME OF LATEST TRANSACTION
control field 20220120134023.0
008 - FIXED-LENGTH DATA ELEMENTS--GENERAL INFORMATION
fixed length control field 210321b20122019bg a|||| ||a| 000 0 mul d
020 ## - INTERNATIONAL STANDARD BOOK NUMBER
International Standard Book Number 9789848933862
035 ## - SYSTEM CONTROL NUMBER
system control number (BD-JhCC)12140
040 ## - CATALOGING SOURCE
Original cataloging agency BD-JhCC
Modifying agency BD-JhCC
041 ## - LANGUAGE CODE
Language code of Book mul
082 ## - DEWEY DECIMAL CLASSIFICATION NUMBER
Classification number 005.43
Author mark and Year RAH 2019
100 ## - MAIN ENTRY--PERSONAL NAME
Personal name রহমান, মোহাম্মদ মিজানুর
245 ## - TITLE STATEMENT
Title লিনাক্স সিস্টেম অ্যাডমিনিস্ট্রেশন /
Statement of responsibility, etc মোহাম্মদ মিজানুর রহমান
260 ## - PUBLICATION, DISTRIBUTION, ETC. (IMPRINT)
Place of publication, distribution, etc ঢাকা :
Name of publisher, distributor, etc জ্ঞানকোষ প্রকাশনী;
Date of publication, distribution, etc ২০১৯.
300 ## - PHYSICAL DESCRIPTION
Pagination ৪৪০ পৃ. :
Other physical details চিত্রাবলী ;
Dimensions ২৪ সে.মি.
650 ## - SUBJECT ADDED ENTRY--TOPICAL TERM
Topical term or geographic name as entry element Linux
650 ## - SUBJECT ADDED ENTRY--TOPICAL TERM
Topical term or geographic name as entry element Operating systems (Computers)
942 ## - ADDED ENTRY ELEMENTS (KOHA)
Source of classification or shelving scheme Dewey Decimal Classification
Koha item type Books
Koha issues (borrowed), all copies 2
Holdings
Source of classification or shelving scheme Damaged status Not for loan Home library Current library Shelving location Date of accession Cost, normal purchase price Total Checkouts Full call number Barcode Date last seen Date checked out Copy number Koha item type
Dewey Decimal Classification     JCC Rouf Library JCC Rouf Library General Stacks 02/07/2024 353.00 3 005.43 RAH 2019 16072 02/11/2025 02/10/2025 C-1 Books

JCC Library | Contacts | JCC Home

Last Update on 23 September 2017
Copyright @ 2017-2020 JCC Rouf Library
Rouf Library, Jhenidah Cadet College (JCC), Bangladesh